| 000 | 00450nam a22001577a 4500 | ||
|---|---|---|---|
| 003 | macl | ||
| 005 | 20230328131913.0 | ||
| 008 | 230328b |||||||| |||| 00| 0 eng d | ||
| 040 | _cmacl | ||
| 082 | _a891.433/YAS/N | ||
| 100 | _aयशपाल | ||
| 245 | _aदादा कामरेड | ||
| 260 |
_aइलाहाबाद _bलोकभारती प्रकाशन _c2020 |
||
| 650 | _aउपन्यास | ||
| 942 |
_2ddc _cHIN |
||
| 999 |
_c66059 _d66059 |
||